<?xml version="1.0" encoding="UTF-8"?>
<record
    xmlns:xsi="http://www.w3.org/2001/XMLSchema-instance"
    xsi:schemaLocation="http://www.loc.gov/MARC21/slim http://www.loc.gov/standards/marcxml/schema/MARC21slim.xsd"
    xmlns="http://www.loc.gov/MARC21/slim">

  <leader>00772nam a22001697a 4500</leader>
  <datafield tag="999" ind1=" " ind2=" ">
    <subfield code="c">7399</subfield>
    <subfield code="d">7399</subfield>
  </datafield>
  <controlfield tag="005">20211117114904.0</controlfield>
  <controlfield tag="008">211117b           ||||| |||| 00| 0 eng d</controlfield>
  <datafield tag="020" ind1=" " ind2=" ">
    <subfield code="a">9788493375039</subfield>
  </datafield>
  <datafield tag="040" ind1=" " ind2=" ">
    <subfield code="a">CDMR</subfield>
  </datafield>
  <datafield tag="100" ind1=" " ind2=" ">
    <subfield code="9">4701</subfield>
    <subfield code="a">Gassi&#xF3;, Ramon</subfield>
  </datafield>
  <datafield tag="245" ind1=" " ind2=" ">
    <subfield code="a">R&#xE9;quiem por los triunfadores medi&#xE1;ticos : </subfield>
    <subfield code="b">el enriquecimiento f&#xE1;cil, fraudulento y especulador, inservible al pa&#xED;s, bajo el auspicio del Poder, que en las mayor&#xED;as absolutas ha vivido disfrazado de amor y servicio a Catalunya: el binomio medi&#xE1;tico Joaquim M. Puyal - Ram&#xF3;n Fust&#xE9; / </subfield>
    <subfield code="c">Ram&#xF3;n Gassi&#xF3; M&#xF3;nico</subfield>
  </datafield>
  <datafield tag="260" ind1=" " ind2=" ">
    <subfield code="a">Barcelona : </subfield>
    <subfield code="b">Ram&#xF3;n Gassi&#xF3; M&#xF3;nico, </subfield>
    <subfield code="c">2005</subfield>
  </datafield>
  <datafield tag="300" ind1=" " ind2=" ">
    <subfield code="a">190 p&#xE0;gines</subfield>
    <subfield code="b">; fotografies</subfield>
  </datafield>
  <datafield tag="600" ind1="1" ind2="0">
    <subfield code="9">2955</subfield>
    <subfield code="a">Puyal i Ortiga, Joaquim Maria</subfield>
  </datafield>
  <datafield tag="600" ind1=" " ind2="0">
    <subfield code="9">4702</subfield>
    <subfield code="a">Fust&#xE9;, Ramon</subfield>
  </datafield>
  <datafield tag="942" ind1=" " ind2=" ">
    <subfield code="2">udc</subfield>
    <subfield code="c">MON</subfield>
  </datafield>
  <datafield tag="952" ind1=" " ind2=" ">
    <subfield code="0">0</subfield>
    <subfield code="1">0</subfield>
    <subfield code="2">udc</subfield>
    <subfield code="4">0</subfield>
    <subfield code="7">0</subfield>
    <subfield code="a">CDMR</subfield>
    <subfield code="b">CDMR</subfield>
    <subfield code="d">2021-11-17</subfield>
    <subfield code="e">Donaci&#xF3;</subfield>
    <subfield code="g">19.00</subfield>
    <subfield code="l">3</subfield>
    <subfield code="m">1</subfield>
    <subfield code="o">Du 1/166</subfield>
    <subfield code="p">CDMR21110013</subfield>
    <subfield code="r">2024-03-19</subfield>
    <subfield code="s">2024-03-07</subfield>
    <subfield code="w">2021-11-17</subfield>
    <subfield code="y">MON</subfield>
  </datafield>
</record>
